[Event "76th ch-ARM HL 2016"]
[Site "Yerevan ARM"]
[Date "2016.01.12"]
[Round "1"]
[White "Ter Sahakyan,S"]
[Black "Pashikian,A"]
[Result "0-1"]
[WhiteElo "2604"]
[BlackElo "2606"]
[EventDate "2016.01.12"]

1. e4 e5 2. Nf3 Nc6 3. d4 exd4 4. Nxd4 Bc5 5. Nb3 Bb6 6. Nc3 Nf6 7. Qe2 O-O
8. Be3 d5 9. O-O-O d4 10. Bg5 Qd6 11. Kb1 Ng4 12. Nd5 Be6 13. Bf4 Nge5 14.
Bxe5 Nxe5 15. f4 d3 16. cxd3 Nc6 17. g3 Bxd5 18. exd5 Nb4 19. Qe5 Qxd5 20.
Qxd5 Nxd5 21. Be2 Rad8 22. Bf3 c6 23. Rhe1 Ne3 24. Rd2 Rfe8 25. a3 Kf8 26.
Na1 Re7 27. Nb3 g6 28. Ka2 h5 29. Rc1 Red7 30. Be2 Ng4 31. Nc5 Bxc5 32.
Bxg4 hxg4 33. Rxc5 Rxd3 34. Rxd3 Rxd3 35. Rg5 Rd2 36. f5 Rd5 37. Rxg4 Rxf5
38. Rb4 b6 39. Rc4 c5 40. Rc2 Ke7 41. Kb3 Kd6 42. Kc4 a6 43. Kd3 Kd5 44.
Ke3 Rf1 45. h4 b5 46. Ke2 Rb1 47. Kf3 c4 48. g4 Rh1 49. Kg3 Ke4 50. Re2+
Kd5 51. Rf2 Ke6 52. Re2+ Kf6 53. Rf2+ Kg7 54. Rd2 Rc1 55. Kf4 c3 56. bxc3
Rxc3 57. h5 Rxa3 58. Rd6 gxh5 59. gxh5 b4 60. Rb6 b3 61. Ke3 a5 62. Kd2 a4
63. Kc1 Ra1+ 64. Kb2 Ra2+ 65. Kb1 Rh2 66. Rb5 Kh6 0-1

[Event "76th ch-ARM HL 2016"]
[Site "Yerevan ARM"]
[Date "2016.01.12"]
[Round "1"]
[White "Grigoryan,K2"]
[Black "Hayrapetyan,Ho"]
[Result "0-1"]
[WhiteElo "2602"]
[BlackElo "2489"]
[EventDate "2016.01.12"]

1. d4 d5 2. c4 e6 3. Nf3 Nf6 4. g3 Bb4+ 5. Nc3 O-O 6. Bg2 dxc4 7. O-O c6 8.
Ne5 Nd5 9. Qc2 b5 10. e4 Nxc3 11. bxc3 Be7 12. f4 f6 13. Nf3 Nd7 14. g4 Qc7
15. f5 exf5 16. gxf5 Bb7 17. Qf2 c5 18. Qh4 Rfe8 19. Bd2 cxd4 20. Nxd4 Bc5
21. Kh1 Bxd4 22. cxd4 c3 23. Be3 Qc4 24. Rae1 Re7 25. Rf4 Rae8 26. Rg4 c2
27. Rg1 Kh8 28. d5 Qd3 29. Bc1 Bxd5 30. exd5 Qd1 31. Re4 Rxe4 32. Bxe4 Qd4
33. Re1 Re5 34. Qh5 Kg8 35. Qe2 Nc5 36. Qxc2 Rxe4 37. Rd1 Qc4 38. Qg2 Rd4
39. Rxd4 Qxd4 40. Qf3 Ne4 41. Qb3 Qc4 42. Qxc4 bxc4 43. Kg2 Nc3 44. d6 Kf7
45. Ba3 Ke8 46. Kf3 Kd7 47. Ke3 a6 48. Bc5 Nb5 49. a4 Nxd6 50. Kd4 c3 51.
Kd3 Kc6 52. Ba3 Nxf5 53. Kxc3 Ne3 54. Bf8 g6 55. Bg7 Ng4 56. h3 Nf2 57. h4
h5 58. Kd4 Ng4 59. Bf8 Kd7 60. Bb4 Ne5 61. Ke4 Ke6 62. Bc3 Nf7 63. Kd4 g5
64. Be1 Ne5 0-1

[Event "76th ch-ARM HL 2016"]
[Site "Yerevan ARM"]
[Date "2016.01.12"]
[Round "1"]
[White "Hovhannisyan,R"]
[Black "Petrosian,TL"]
[Result "1-0"]
[WhiteElo "2624"]
[BlackElo "2625"]
[EventDate "2016.01.12"]

1. e4 e5 2. Nf3 Nc6 3. Nc3 Nf6 4. d4 d6 5. dxe5 Nxe5 6. Nxe5 dxe5 7. Qxd8+
Kxd8 8. Bc4 Be6 9. Bxe6 fxe6 10. f3 Bc5 11. Nd1 Ke7 12. Nf2 h6 13. Nd3 Bd6
14. Be3 b6 15. Ke2 Nd7 16. b3 Nb8 17. Rhd1 c5 18. Nb2 Nc6 19. c3 Na5 20.
Rd2 Rhd8 21. h4 Ke8 22. Rad1 Be7 23. Rxd8+ Rxd8 24. Rxd8+ Kxd8 25. h5 Bd6
26. Kd3 Kd7 27. Bd2 Kc6 28. c4 Nb7 29. Bc3 Nd8 30. a3 Kd7 31. b4 Nc6 32. b5
Nb8 33. Ke3 Ke7 34. Nd3 Nd7 35. g3 Kf7 36. f4 g6 37. hxg6+ Kxg6 38. fxe5
Bc7 39. Kf3 Bb8 40. Kg4 Bc7 41. a4 Bb8 42. Kf3 Bc7 43. Kf4 Kf7 44. Nf2 Nf8
45. Kf3 Nd7 46. Ng4 h5 47. Nf6 Nxf6 48. exf6 e5 49. g4 Kxf6 50. gxh5 Kg5
51. h6 Kxh6 52. Kg4 Kg6 53. Bd2 Bd8 54. Be1 Be7 55. Bf2 Bd8 56. Bg1 Be7 57.
Bh2 Bd6 58. Bg3 Bb8 59. Bh4 Bc7 60. Bg5 Bb8 61. Bd8 Bd6 62. a5 bxa5 63.
Bxa5 Kf6 64. Kh5 Bb8 65. Bd8+ Kf7 66. Kg5 Ke6 67. Kg6 Bd6 68. Bg5 Bf8 69.
Bh4 Bd6 70. Kg7 Bc7 71. Kf8 Kd7 72. Be7 Bb6 73. Kf7 a5 74. bxa6 1-0

[Event "76th ch-ARM HL 2016"]
[Site "Yerevan ARM"]
[Date "2016.01.12"]
[Round "1"]
[White "Andriasian,Z"]
[Black "Mikaelyan,A"]
[Result "1-0"]
[WhiteElo "2594"]
[BlackElo "2448"]
[EventDate "2016.01.12"]

1. e4 e5 2. Nf3 Nc6 3. Bc4 Bc5 4. c3 Nf6 5. d3 d6 6. O-O O-O 7. Bb3 a6 8.
h3 Ba7 9. Re1 Be6 10. Bc2 d5 11. Nbd2 dxe4 12. dxe4 Nh5 13. Nf1 Nf4 14.
Bxf4 exf4 15. Qe2 Qe7 16. e5 Rfd8 17. b4 Bd5 18. N1d2 Rd7 19. Bf5 Be6 20.
Qe4 Rad8 21. Re2 Bxf5 22. Qxf5 f6 23. e6 Rd5 24. Qc2 Ne5 25. Nxe5 fxe5 26.
Nf3 Qxe6 27. Rae1 h6 28. c4 Rd4 29. c5 Rxb4 30. Rxe5 Qc6 31. a3 Rb5 32.
Qc4+ Kh7 33. Nd4 Rxd4 34. Qxd4 Bxc5 35. Qxf4 Qg6 36. Qf3 Rb1 37. h4 Qc2 38.
g3 Rxe1+ 39. Rxe1 b6 40. Kg2 a5 41. Re4 Bf8 42. Qf5+ Kg8 43. Qe6+ Kh7 44.
h5 Qc5 45. Qg6+ Kg8 46. a4 Qd5 47. Kg1 b5 48. axb5 Qxb5 49. Qe6+ Kh7 50.
Re5 Qb1+ 51. Kh2 Qc2 52. Rf5 Be7 53. Qg6+ 1-0

[Event "76th ch-ARM HL 2016"]
[Site "Yerevan ARM"]
[Date "2016.01.12"]
[Round "1"]
[White "Babujian,L"]
[Black "Petrosyan,M"]
[Result "1/2-1/2"]
[WhiteElo "2465"]
[BlackElo "2466"]
[EventDate "2016.01.12"]

1. e4 c5 2. Nf3 e6 3. d4 cxd4 4. Nxd4 a6 5. Bd3 Qc7 6. O-O Nf6 7. Nd2 Be7
8. f4 d6 9. Kh1 Nbd7 10. c4 b6 11. Qe2 Bb7 12. b3 O-O 13. Bb2 Rfe8 14. e5
dxe5 15. Nxe6 Qc6 16. Nxg7 Kxg7 17. fxe5 Kh8 18. exf6 Ba3 19. Ne4 Bxb2 20.
Qxb2 Rxe4 21. Bxe4 Qxe4 22. Rae1 Qc6 23. Re3 Rg8 24. Rg3 Rg6 25. Qf2 a5 26.
Rxg6 hxg6 27. h3 Kg8 28. Qg3 a4 29. Qg5 a3 30. Rf4 Nf8 31. Rf2 Qe4 32. Qg3
Ne6 33. Rd2 Nd4 34. Kh2 Nf5 35. Qc7 Bc6 36. Rd8+ Kh7 37. Rd2 Kh6 38. Rf2
Kg5 39. Qxb6 Qe5+ 40. Kg1 Be4 41. Qb4 Qa1+ 42. Kh2 Qe5+ 43. Kg1 Qa1+ 44.
Kh2 Qe5+ 45. Kg1 1/2-1/2

[Event "76th ch-ARM HL 2016"]
[Site "Yerevan ARM"]
[Date "2016.01.12"]
[Round "1"]
[White "Gabuzyan,H"]
[Black "Torosyan,N"]
[Result "1-0"]
[WhiteElo "2585"]
[BlackElo "2365"]
[EventDate "2016.01.12"]

1. Nf3 Nf6 2. g3 g6 3. Bg2 Bg7 4. O-O O-O 5. c4 d6 6. d4 Nc6 7. Nc3 a6 8.
b3 Rb8 9. a4 Bf5 10. Ba3 Ne4 11. Nd5 Qd7 12. Rc1 Rfe8 13. Ne3 Bh3 14. d5
Na7 15. Qc2 Bxg2 16. Kxg2 Nc5 17. h4 a5 18. h5 e5 19. Rh1 e4 20. Nd2 f5 21.
hxg6 hxg6 22. Rh2 Qf7 23. Rch1 Qf6 24. Nd1 Nd7 25. Bb2 Ne5 26. f4 exf3+ 27.
exf3 g5 28. Ne3 f4 29. Qh7+ Kf7 30. Rh6 Qxh6 31. Rxh6 fxe3 32. Ne4 1-0

[Event "76th ch-ARM HL 2016"]
[Site "Yerevan ARM"]
[Date "2016.01.13"]
[Round "2"]
[White "Torosyan,N"]
[Black "Babujian,L"]
[Result "1-0"]
[WhiteElo "2365"]
[BlackElo "2465"]
[EventDate "2016.01.12"]

1. e4 e5 2. Nf3 Nc6 3. Bb5 a6 4. Ba4 Nf6 5. O-O Be7 6. Qe2 d6 7. c3 O-O 8.
Rd1 Bg4 9. d3 Nd7 10. h3 Bh5 11. Bc2 Bxf3 12. Qxf3 Bg5 13. Nd2 Nc5 14. Nf1
Ne6 15. g3 g6 16. Be3 Kg7 17. d4 Bxe3 18. Qxe3 exd4 19. cxd4 Qf6 20. d5
Ncd4 21. Rac1 Nf3+ 22. Kg2 Ned4 23. Nh2 Nxc2 24. Qxf3 Qxf3+ 25. Nxf3 Nb4
26. a3 Rae8 27. Rc4 c5 28. axb4 b5 29. Rcc1 cxb4 30. Rd4 a5 31. Rc6 f5 32.
Ng5 Kf6 33. f4 Ke7 34. Ne6 Rg8 35. Rc7+ Kf6 36. Ng5 1-0

[Event "76th ch-ARM HL 2016"]
[Site "Yerevan ARM"]
[Date "2016.01.13"]
[Round "2"]
[White "Petrosyan,M"]
[Black "Ter Sahakyan,S"]
[Result "1/2-1/2"]
[WhiteElo "2466"]
[BlackElo "2604"]
[EventDate "2016.01.12"]

1. d4 d5 2. c4 c6 3. Nc3 Nf6 4. e3 a6 5. Nf3 Bf5 6. Be2 h6 7. Bd3 Bxd3 8.
Qxd3 e6 9. Bd2 Bb4 10. c5 O-O 11. Ne2 Bxd2+ 12. Nxd2 Nbd7 13. b4 e5 14. O-O
Qc7 15. Ng3 g6 16. dxe5 Nxe5 17. Qd4 Ned7 18. e4 a5 19. a3 axb4 20. axb4
Qe5 21. Qxe5 Nxe5 22. exd5 Nxd5 23. Nge4 Nxb4 24. Nd6 Rab8 25. Rfb1 Ned3
26. Ra3 Rfd8 27. N2c4 Nxc5 28. Rxb4 b5 29. g3 bxc4 30. Rxb8 Rxb8 31. Nxc4
Ne6 32. Ra7 Kg7 33. Ne5 Nd8 34. Rd7 Rc8 35. Nc4 Kf6 36. Kg2 Ke6 37. Rd2 Ke7
38. Kf3 Ne6 39. Ra2 Rc7 40. Ke4 Rb7 41. Ne5 Rb4+ 42. Kd3 Nd8 43. Re2 Kf6
44. f4 Rb1 45. Rc2 Rd1+ 46. Ke4 Rd6 47. g4 Kg7 48. f5 g5 49. h3 Kf6 50. Rc3
Kg7 51. Rc2 Kf6 52. Rc3 1/2-1/2

[Event "76th ch-ARM HL 2016"]
[Site "Yerevan ARM"]
[Date "2016.01.13"]
[Round "2"]
[White "Pashikian,A"]
[Black "Hovhannisyan,R"]
[Result "1/2-1/2"]
[WhiteElo "2606"]
[BlackElo "2624"]
[EventDate "2016.01.12"]

1. d4 d5 2. c4 c6 3. Nf3 Nf6 4. g3 Bg4 5. Ne5 Bf5 6. Qb3 Qb6 7. cxd5 Qxb3
8. axb3 Nxd5 9. Bg2 Nb4 10. Na3 f6 11. Nec4 N8a6 12. O-O O-O-O 13. e4 Be6
14. Be3 Bxc4 15. Nxc4 Nc2 16. Bh3+ Kb8 17. Rxa6 Nxe3 18. fxe3 bxa6 19. Be6
g6 20. Ra1 Kb7 21. Na5+ Kb6 22. Nc4+ Kb7 23. Ra5 h5 24. Rc5 h4 25. g4 Bh6
26. Kf2 Rd6 27. Nxd6+ exd6 28. Rc4 Rh7 29. Rb4+ Kc7 30. Ra4 Kb6 31. Bc4 Re7
32. Bd3 a5 33. b4 axb4 34. Rxb4+ 1/2-1/2

[Event "76th ch-ARM HL 2016"]
[Site "Yerevan ARM"]
[Date "2016.01.13"]
[Round "2"]
[White "Hayrapetyan,Ho"]
[Black "Petrosian,TL"]
[Result "1/2-1/2"]
[WhiteElo "2489"]
[BlackElo "2625"]
[EventDate "2016.01.12"]

1. d4 Nf6 2. Nf3 g6 3. c4 Bg7 4. Nc3 O-O 5. g3 c6 6. Bg2 d5 7. cxd5 cxd5 8.
O-O Ne4 9. Ne5 Nxc3 10. bxc3 Nc6 11. Nxc6 bxc6 12. Ba3 Ba6 13. Re1 Re8 14.
Qc2 e6 15. e3 Bf8 16. Bxf8 Rxf8 17. Bf1 Bxf1 18. Rxf1 c5 19. Qa4 Qc7 20.
Rfb1 Rab8 21. Qa6 c4 22. Kg2 Rfd8 23. Qa4 Kg7 24. Qc2 Qa5 25. a4 Rdc8 26.
h4 h5 27. Kf3 a6 28. Rb2 Rb3 29. Rxb3 cxb3 30. Qxb3 Rxc3 31. Qb8 Qc7 32.
Qxc7 Rxc7 33. Ra2 a5 34. Ke2 Rc4 35. f4 Kf6 36. Kf3 Kf5 37. Ra1 Rb4 38. Ra2
Rb1 39. Ra3 f6 40. Ra2 Rc1 41. Ra3 Rb1 42. Ra2 Rb3 43. Rc2 e5 44. dxe5 fxe5
45. Rc5 e4+ 46. Ke2 Rb2+ 47. Kd1 Kg4 48. Rxd5 Kxg3 49. Rxa5 Ra2 50. Rg5+
Kf3 51. f5 gxf5 52. Rxf5+ Kxe3 53. a5 Ra1+ 54. Kc2 Kd4 55. Kd2 e3+ 56. Ke2
Ra2+ 57. Ke1 Ra1+ 58. Ke2 Ra2+ 59. Ke1 Ra1+ 1/2-1/2

[Event "76th ch-ARM HL 2016"]
[Site "Yerevan ARM"]
[Date "2016.01.13"]
[Round "2"]
[White "Grigoryan,K2"]
[Black "Andriasian,Z"]
[Result "1/2-1/2"]
[WhiteElo "2602"]
[BlackElo "2594"]
[EventDate "2016.01.12"]

1. d4 Nf6 2. c4 c6 3. Nf3 d5 4. Qb3 dxc4 5. Qxc4 Bf5 6. g3 e6 7. Bg2 Be7 8.
O-O O-O 9. e3 Nbd7 10. Rd1 e5 11. Nc3 Qc7 12. h3 Rfe8 13. g4 Be6 14. Qe2
Nd5 15. e4 Nxc3 16. bxc3 f6 17. Nh4 Rad8 18. Nf5 Bf8 19. Qf3 c5 20. d5 Bxf5
21. Qxf5 c4 22. h4 Nc5 23. a4 Nd3 24. Bf1 Nxc1 1/2-1/2

[Event "76th ch-ARM HL 2016"]
[Site "Yerevan ARM"]
[Date "2016.01.13"]
[Round "2"]
[White "Mikaelyan,A"]
[Black "Gabuzyan,H"]
[Result "1-0"]
[WhiteElo "2448"]
[BlackElo "2585"]
[EventDate "2016.01.12"]

1. d4 Nf6 2. Nf3 g6 3. g3 Bg7 4. Bg2 c5 5. c3 Qc7 6. O-O O-O 7. Re1 d6 8.
e4 Bg4 9. e5 dxe5 10. dxe5 Nfd7 11. h3 Bxf3 12. Qxf3 Nc6 13. e6 Nde5 14.
exf7+ Rxf7 15. Qe2 Rd8 16. Be3 Qb6 17. Be4 Rff8 18. Na3 Kh8 19. h4 Nd7 20.
Nc4 Qc7 21. a4 Nf6 22. Bg2 b6 23. Bf4 Qc8 24. Qe6 Qxe6 25. Rxe6 Na5 26.
Nxa5 bxa5 27. Rxe7 Nh5 28. Be3 Rb8 29. Rd1 Rxb2 30. Rdd7 Rb1+ 31. Kh2 Rg8
32. Bf3 Nf6 33. Rxa7 Rb3 34. Bg5 Rb6 35. c4 Ne8 36. Bd5 Rf8 37. Bh6 1-0

[Event "76th ch-ARM HL 2016"]
[Site "Yerevan ARM"]
[Date "2016.01.14"]
[Round "3"]
[White "Ter Sahakyan,S"]
[Black "Torosyan,N"]
[Result "1-0"]
[WhiteElo "2604"]
[BlackElo "2365"]
[EventDate "2016.01.12"]

1. e4 c6 2. d4 d5 3. e5 Bf5 4. h4 h5 5. Bd3 Bxd3 6. Qxd3 e6 7. Bg5 Be7 8.
Nf3 Nh6 9. Nbd2 Nf5 10. c4 O-O 11. O-O Nd7 12. cxd5 cxd5 13. g3 Nb8 14. Nb1
Nc6 15. Nc3 Bxg5 16. hxg5 g6 17. Ne2 Qb6 18. Rfc1 Rac8 19. Qd2 Rc7 20. Rc3
Rfc8 21. Rac1 Na5 22. b3 Rxc3 23. Nxc3 Qb4 24. Kg2 Kg7 25. Rc2 Nc6 26. Ne2
Qxd2 27. Rxd2 Kf8 28. Ne1 Ke7 29. Nc2 a5 30. Kf3 Kd7 31. Ne3 Nxe3 32. Kxe3
Nb4 33. Rb2 b6 34. Kd2 Nc6 35. Rb1 Ra8 36. a4 Rb8 37. Ke3 Rc8 38. Rc1 Rc7
39. Nc3 Nb4 40. Kd2 Ke7 41. Rh1 Rc8 42. Rh4 Nc6 43. Nb5 Nb4 44. Rf4 Rc2+
45. Kd1 Kf8 46. Nd6 Rc7 47. g4 h4 48. Rf3 Na2 49. Kd2 Nc3 50. Rh3 Nb1+ 51.
Kd1 Nc3+ 52. Ke1 Ne4 53. Nxe4 dxe4 54. Kd2 Rd7 55. Ke3 Rc7 56. Kxe4 Rc2 57.
f4 Rg2 58. Rxh4 Rg3 59. Rh8+ Ke7 60. b4 axb4 61. Rb8 Ra3 62. Rxb6 Rxa4 63.
f5 Ra1 64. f6+ Kd7 65. Rxb4 Kc6 66. Rc4+ Kd7 67. Rc3 Rg1 68. Kf3 Rf1+ 69.
Ke3 Rg1 70. Kf4 Rd1 71. Rc4 Ra1 72. Rc2 Rd1 73. Ke3 Rg1 74. Ra2 Rxg4 75.
Ra7+ Ke8 76. Ra8+ Kd7 77. Rf8 Rxg5 78. Rxf7+ Kc6 79. Re7 1-0

[Event "76th ch-ARM HL 2016"]
[Site "Yerevan ARM"]
[Date "2016.01.14"]
[Round "3"]
[White "Andriasian,Z"]
[Black "Hayrapetyan,Ho"]
[Result "1-0"]
[WhiteElo "2594"]
[BlackElo "2489"]
[EventDate "2016.01.12"]

1. e4 c5 2. Nf3 e6 3. Qe2 Nc6 4. g3 g6 5. Bg2 Bg7 6. c3 Nge7 7. h4 h6 8.
O-O O-O 9. d4 cxd4 10. cxd4 d5 11. e5 Nf5 12. Rd1 Bd7 13. Nc3 a6 14. Bf4 b5
15. Qd2 Qe7 16. Bh3 Kh7 17. Rac1 Rfc8 18. Kg2 b4 19. Ne2 b3 20. axb3 Qb4
21. Rc3 Na7 22. g4 Ne7 23. h5 Nb5 24. g5 Nxc3 25. bxc3 Qxb3 26. gxh6 Bh8
27. Bg5 Nf5 28. Bf6 Bxf6 29. exf6 Rf8 30. Rg1 Ba4 31. hxg6+ fxg6 32. Ng5+
Kh8 33. Bxf5 exf5 34. f7 Ra7 35. Qf4 Rfxf7 36. Qe5+ Kg8 37. Qe6 Qb7 38. Nf4
Qc6 39. h7+ 1-0

[Event "76th ch-ARM HL 2016"]
[Site "Yerevan ARM"]
[Date "2016.01.14"]
[Round "3"]
[White "Hovhannisyan,R"]
[Black "Petrosyan,M"]
[Result "1/2-1/2"]
[WhiteElo "2624"]
[BlackElo "2466"]
[EventDate "2016.01.12"]

1. e4 c5 2. Nf3 e6 3. g3 Nc6 4. Bg2 Nf6 5. Qe2 d6 6. O-O Be7 7. e5 dxe5 8.
Nxe5 Nd4 9. Qd1 O-O 10. d3 Nd5 11. c3 Nf5 12. a4 Rb8 13. Re1 f6 14. Nf3 b6
15. Na3 Qd7 16. d4 Rd8 17. Nc2 Nc7 18. Bf4 Bd6 19. Bxd6 Qxd6 20. dxc5 Qf8
21. Qc1 Qxc5 22. Ncd4 Nxd4 23. Nxd4 Bd7 24. Qc2 e5 25. Nf5 Be6 26. b4 Qf8
27. Ne3 Nd5 28. Be4 g6 29. h4 Rbc8 30. Nxd5 Bxd5 31. h5 Bxe4 32. Rxe4 Qf7
33. c4 Rd4 34. Rc1 gxh5 35. c5 Qd5 36. Rxd4 exd4 37. Qc4 Qxc4 38. Rxc4 bxc5
39. bxc5 Kf7 40. Rxd4 Rxc5 41. Rd7+ Kg6 42. Rxa7 h4 43. gxh4 Rh5 44. Kg2
Rxh4 45. Kg3 Rb4 46. a5 Ra4 47. Ra8 Kf5 48. a6 Ra3+ 49. f3 Ra2 50. Ra7 Ra3
51. Ra8 Ra2 52. a7 Ra3 53. Kh4 Ra2 54. Kg3 Ra3 1/2-1/2

[Event "76th ch-ARM HL 2016"]
[Site "Yerevan ARM"]
[Date "2016.01.14"]
[Round "3"]
[White "Petrosian,TL"]
[Black "Pashikian,A"]
[Result "1/2-1/2"]
[WhiteElo "2625"]
[BlackElo "2606"]
[EventDate "2016.01.12"]

1. Nf3 d5 2. g3 Nf6 3. Bg2 e6 4. O-O Be7 5. d3 O-O 6. Nbd2 c5 7. e4 Nc6 8.
Re1 b5 9. e5 Nd7 10. Nf1 Bb7 11. h4 Qc7 12. Bf4 Rfc8 13. N1h2 Qd8 14. h5 h6
15. Qd2 d4 16. a3 Nb6 17. Re4 Nb8 18. Rae1 Bxe4 19. Rxe4 Kf8 20. Bxh6 gxh6
21. Rg4 Ke8 22. Rg8+ Bf8 23. Ng5 Qe7 24. Nh7 Kd7 25. Qa5 Nd5 26. Qxb5+ Kc7
27. Qa5+ Kb7 28. Qb5+ Kc7 29. Qa5+ Kb7 30. Qb5+ 1/2-1/2

[Event "76th ch-ARM HL 2016"]
[Site "Yerevan ARM"]
[Date "2016.01.14"]
[Round "3"]
[White "Gabuzyan,H"]
[Black "Grigoryan,K2"]
[Result "1/2-1/2"]
[WhiteElo "2585"]
[BlackElo "2602"]
[EventDate "2016.01.12"]

1. Nf3 Nf6 2. g3 d5 3. Bg2 Bg4 4. O-O Nbd7 5. d4 c6 6. Nbd2 g6 7. c4 Bg7 8.
b3 O-O 9. Bb2 Re8 10. Rc1 a5 11. Ne5 Bf5 12. h3 h5 13. f3 Bh6 14. f4 a4 15.
b4 a3 16. Bc3 Qb6 17. Kh2 Nxe5 18. fxe5 Ne4 19. Nxe4 dxe4 20. Bd2 e3 21.
Bc3 Red8 22. Qb3 Rxd4 23. Rxf5 gxf5 24. e6 f6 25. Qc2 Rxc4 26. Qxf5 Qb5 27.
Qg6+ Bg7 28. Qf7+ Kh8 29. Bxf6 Bxf6 30. Rxc4 Qxc4 31. Qxh5+ Kg7 32. Qf7+
Kh6 33. Bf3 Qb5 34. Be4 Qxe2+ 35. Kh1 Qf1+ 36. Kh2 Qf2+ 37. Kh1 Qf1+
1/2-1/2

[Event "76th ch-ARM HL 2016"]
[Site "Yerevan ARM"]
[Date "2016.01.14"]
[Round "3"]
[White "Babujian,L"]
[Black "Mikaelyan,A"]
[Result "1-0"]
[WhiteElo "2465"]
[BlackElo "2448"]
[EventDate "2016.01.12"]

1. e4 e5 2. Nf3 Nc6 3. d4 exd4 4. Nxd4 Bb4+ 5. c3 Bc5 6. Be3 Bb6 7. Nf5 g6
8. Bxb6 axb6 9. Ne3 Nf6 10. f3 O-O 11. c4 d5 12. cxd5 Nxe4 13. dxc6 Qh4+
14. g3 Nxg3 15. hxg3 Qxg3+ 16. Ke2 bxc6 17. Nd2 Ba6+ 18. Ndc4 Rad8 19. Qa4
Bb5 20. Qc2 Rfe8 21. a4 Ba6 22. Qc3 c5 23. b3 Rd4 24. Qe1 Qg5 25. Kf2 f5
26. Qc3 Bb7 27. Re1 Bxf3 28. Kxf3 Qf4+ 29. Kg2 Qg5+ 30. Kf2 Rf4+ 31. Ke2
Rd4 32. Rh3 f4 33. Rf3 fxe3 34. Nxe3 Qg1 35. Bh3 Qh2+ 36. Kf1 Rf8 37. Rxf8+
Kxf8 38. Ng2 Qd6 39. Qe3 Kg7 40. Qe7+ Kh6 41. Qxd6 cxd6 42. Ne3 d5 43. Be6
Rf4+ 44. Kg2 1-0

[Event "76th ch-ARM HL 2016"]
[Site "Yerevan ARM"]
[Date "2016.01.15"]
[Round "4"]
[White "Mikaelyan,A"]
[Black "Ter Sahakyan,S"]
[Result "0-1"]
[WhiteElo "2448"]
[BlackElo "2604"]
[EventDate "2016.01.12"]

1. Nf3 d5 2. g3 c6 3. Bg2 Bg4 4. O-O Nd7 5. d3 Ngf6 6. c4 Bxf3 7. exf3 g6
8. Be3 Bg7 9. Qb3 Qc7 10. Nc3 dxc4 11. dxc4 O-O 12. Rfe1 Rfd8 13. Rad1 e6
14. Ne4 Nxe4 15. fxe4 a5 16. Bg5 Re8 17. Bf4 Ne5 18. c5 Rad8 19. Qc3 h6 20.
h4 h5 21. a4 Kh7 22. Bf1 Kg8 23. Be2 Kh7 24. Kg2 Kg8 25. Rh1 Bf6 26. Bg5
Bxg5 27. hxg5 Nd7 28. f4 e5 29. f5 Nf8 30. g4 Rxd1 31. Rxd1 Rd8 32. Rh1 Rd4
33. gxh5 gxf5 34. exf5 Qd7 35. Rf1 Qd5+ 36. Qf3 Rg4+ 37. Kh3 Qxf3+ 38. Bxf3
Rxg5 39. Bg4 f6 40. Rd1 Rg7 41. Rd8 Kf7 42. Rb8 Nd7 43. Rxb7 Kg8 44. Ra7
Nxc5 45. Rxa5 Ne4 46. Be2 Kh7 47. Ra8 Rb7 48. Kg2 Rxb2 49. Kf3 Nc3 50. Bc4
Rb4 51. Bg8+ Kh6 52. Be6 Rf4+ 53. Kg2 Rxa4 54. Rh8+ Kg5 55. Bf7 Rh4 56.
Rg8+ Kf4 57. Rg3 Ne4 58. Rf3+ Kg5 59. Ra3 Nd6 60. Bg6 Nxf5 61. Rc3 Rc4 62.
Rxc4 Ne3+ 63. Kf3 Nxc4 64. Ke4 Nd6+ 65. Ke3 0-1

[Event "76th ch-ARM HL 2016"]
[Site "Yerevan ARM"]
[Date "2016.01.15"]
[Round "4"]
[White "Petrosyan,M"]
[Black "Petrosian,TL"]
[Result "1-0"]
[WhiteElo "2466"]
[BlackElo "2625"]
[EventDate "2016.01.12"]

1. d4 Nf6 2. c4 g6 3. g3 Bg7 4. Bg2 d5 5. cxd5 Nxd5 6. e4 Nb6 7. Ne2 Bg4 8.
Nbc3 Nc6 9. d5 Nd4 10. O-O Bf3 11. Bxf3 Nxf3+ 12. Kg2 Ne5 13. f4 Ng4 14. h3
Nf6 15. a4 a5 16. Be3 O-O 17. Qb3 Nxe4 18. Nxe4 Qxd5 19. Qxd5 Nxd5 20. Bf2
Rfd8 21. Rad1 b6 22. N4c3 Nb4 23. Rxd8+ Rxd8 24. Rd1 Rd6 25. Rxd6 exd6 26.
Nb5 Na6 27. Bd4 Bxd4 28. Nbxd4 Kf8 29. Nc3 Ke7 30. Nd5+ Kd8 31. b3 Nc5 32.
g4 h6 33. Kf3 Kc8 34. h4 Kb7 35. h5 gxh5 36. gxh5 c6 37. Ne3 b5 38. axb5
cxb5 39. Nef5 a4 40. bxa4 bxa4 41. Nxh6 a3 42. Nxf7 a2 43. Nc2 Ne6 44. Ke3
1-0

[Event "76th ch-ARM HL 2016"]
[Site "Yerevan ARM"]
[Date "2016.01.15"]
[Round "4"]
[White "Hayrapetyan,Ho"]
[Black "Pashikian,A"]
[Result "1/2-1/2"]
[WhiteElo "2489"]
[BlackElo "2606"]
[EventDate "2016.01.12"]

1. d4 Nf6 2. c4 e6 3. Nf3 d5 4. Nc3 Bb4 5. Qa4+ Nc6 6. Ne5 Bd7 7. Nxd7 Nxd7
8. cxd5 Nb6 9. Qb5 Nxd5 10. Bd2 a6 11. Qd3 Ba5 12. a3 e5 13. dxe5 Nxc3 14.
Bxc3 Qxd3 15. exd3 Bxc3+ 16. bxc3 Nxe5 17. d4 Nd7 18. O-O-O Nb6 19. Be2
O-O-O 20. Rhe1 Rhe8 21. Kc2 c6 22. Kb3 Kc7 23. Bf3 Nc8 24. g4 h6 25. Re3
Re6 26. Rde1 Rf6 27. R1e2 Rf4 28. h3 Nb6 29. Be4 Nd5 30. Bxd5 Rxd5 31. Re7+
Rd7 32. R7e4 Rf3 33. R4e3 Rf4 1/2-1/2

[Event "76th ch-ARM HL 2016"]
[Site "Yerevan ARM"]
[Date "2016.01.15"]
[Round "4"]
[White "Andriasian,Z"]
[Black "Gabuzyan,H"]
[Result "1-0"]
[WhiteElo "2594"]
[BlackElo "2585"]
[EventDate "2016.01.12"]

1. e4 c5 2. Nf3 d6 3. d4 cxd4 4. Nxd4 Nf6 5. Nc3 a6 6. Be3 Ng4 7. Bg5 h6 8.
Bh4 g5 9. Bg3 Bg7 10. Be2 Ne5 11. O-O Nbc6 12. Nf5 Bxf5 13. exf5 Nd4 14.
Bd3 Qa5 15. Be4 Nc4 16. Nd5 Nxb2 17. Qg4 Nc4 18. c3 Nc6 19. Rad1 N4e5 20.
Qh5 Nd7 21. Rb1 Nc5 22. f6 Nxe4 23. fxg7 Rg8 24. c4 Nc3 25. Rxb7 Nxd5 26.
cxd5 Nd8 27. Rb3 Qxd5 28. Qxh6 Ne6 29. Rfb1 Rd8 30. Qh8 Kd7 31. Rb7+ Nc7
32. Qh7 f5 33. h4 gxh4 34. Bxh4 Qf7 35. Bxe7 Rxg7 36. Qh4 Rc8 37. Bxd6 Kxd6
38. Qd4+ Ke7 39. Qc5+ Kf6 40. R1b6+ Kg5 41. Qe3+ f4 42. Qe5+ Kh4 43. Rh6+
1-0

[Event "76th ch-ARM HL 2016"]
[Site "Yerevan ARM"]
[Date "2016.01.15"]
[Round "4"]
[White "Torosyan,N"]
[Black "Hovhannisyan,R"]
[Result "0-1"]
[WhiteElo "2365"]
[BlackElo "2624"]
[EventDate "2016.01.12"]

1. e4 c5 2. Nf3 Nc6 3. Bb5 d6 4. Bxc6+ bxc6 5. O-O Bg4 6. h3 Bh5 7. e5 dxe5
8. g4 e4 9. gxh5 exf3 10. Nc3 Rc8 11. Qxf3 e6 12. d3 Qf6 13. Qg3 Qf5 14.
Qg4 Nf6 15. Qxf5 exf5 16. h6 g6 17. Be3 Nd5 18. Nxd5 cxd5 19. c4 d4 20. Bd2
Rb8 21. Bf4 Rb6 22. Rfe1+ Re6 23. b4 cxb4 24. Be5 Rg8 25. Bxd4 a5 26. Re5
Rxe5 27. Bxe5 Kd7 28. Rb1 Bxh6 29. a3 Re8 30. d4 bxa3 31. Rb7+ Kc6 32. Rb5
Rxe5 33. dxe5 Bd2 34. Rb3 Bb4 35. Rb1 Bc3 0-1

[Event "76th ch-ARM HL 2016"]
[Site "Yerevan ARM"]
[Date "2016.01.15"]
[Round "4"]
[White "Grigoryan,K2"]
[Black "Babujian,L"]
[Result "0-1"]
[WhiteElo "2602"]
[BlackElo "2465"]
[EventDate "2016.01.12"]

1. e4 e5 2. Nf3 Nc6 3. Bc4 Nf6 4. d3 Bc5 5. c3 d6 6. Bb3 a6 7. O-O O-O 8.
h3 Ba7 9. Re1 Be6 10. Bc2 d5 11. Qe2 dxe4 12. dxe4 b5 13. Nh2 Ne7 14. Nd2
Ng6 15. Ndf1 Qc8 16. Ne3 Qb7 17. Qf3 Rfe8 18. Nf5 Bxf5 19. Qxf5 Rad8 20. g3
Rd6 21. h4 Red8 22. Re2 b4 23. h5 Ne7 24. Qf3 h6 25. Nf1 Qc8 26. Be3 Bxe3
27. Nxe3 bxc3 28. bxc3 Qh3 29. Nc4 Re6 30. Rd1 Rf8 31. Red2 Kh7 32. Ne3
Nxh5 33. Rd7 c6 34. Qg2 Qxg2+ 35. Kxg2 Nf6 36. Rb7 Nc8 37. Nf5 c5 38. Rc7
Rb6 39. Rb1 Rxb1 40. Bxb1 g6 41. Ne3 Nd6 42. Kf3 Rc8 43. Ra7 Kg7 44. Rxa6
Nb5 45. Bd3 Rb8 46. Nd1 h5 47. Ra5 Rd8 48. Ke3 Nd6 49. f3 Nd7 50. Ra6 Nf8
51. a4 Ne6 52. a5 Kf6 53. Rb6 Ke7 54. Nb2 g5 55. a6 h4 56. Kf2 h3 57. Kg1
g4 58. fxg4 c4 59. Bf1 Ng5 60. a7 Ndxe4 61. Be2 h2+ 62. Kxh2 Rd2 63. Rb7+
Kf6 64. Rb6+ Kg7 65. a8=Q Rxe2+ 66. Kh1 Nxg3+ 67. Kg1 Nh3+ 0-1